00586nam a22001577a 4500003000400000005001700004008004100021050002200062082002300084245010600107260015900213300002100372521002300393541000600416562000600422OSt20140310181713.0121212t xxu||||| |||| 00| 0 eng d aPN 59b.L776 1997 aFIL 807 bL71 1997 aAng literatura ng mundo=the literatures of the world. /cPhilippines. Commission on Higher Education. aManila : bTechnical Subcommitte on Literature, Technical Panel on Humanities, Social Sciences, and Communication, Commission on Higher Education, c1997. a42 p. ; c23 cm. aBasic ed. students j1 e1